Statistics for The USA Quiz - K

Click here to take the quiz!

General Stats

  • This quiz has been taken 268 times
  • The average score is 14 of 21

Answer Stats

Answer% Correct
35th PresidentJohn F {Kennedy}
97%
US States beginning with KKansas
97%
US States beginning with KKentucky
96%
I Have a DreamMartin Luther King
94%
What you're typing on nowKeyboard
92%
Corn flake inventorKellogg's
88%
Far right party who wore white robesKu Klux Klan
82%
Founded by Colonel SandersKFC
80%
Family that rule reality televisionKardashian
78%
NBANew York {Knicks}
77%
Largest Cities beginning with KKansas City
70%
Largest Cities beginning with KKansas City
70%
Destiny's Child singer known by her first nameBeyoncé Knowles
61%
Makers of the Original Glazed doughnutKrispy Kreme
60%
NHLLos Angeles {Kings}
59%
Bulletproof fabric used by the ArmyKevlar
57%
Phoebe in FriendsLisa Kudrow
54%
Company that bought Cadbury'sKraft Foods
25%
Largest Cities beginning with KKnoxville
24%
The US in the South vs Soviet Union in the NorthKorean War
18%
US's second largest retailerKroger
15%

Score Distribution

Percentile by Number Answered

Percent of People with Each Score

Your Score History

You have not taken this quiz